000 00470nam a2200145Ia 4500
008 100122s9999 xx 000 0 und d
082 _b27267
_a181.49
100 _aबेलसरे केशव वि
245 _aअध्यात्म दर्शन
260 _bत्रिदल प्रकाशन
_c1978
300 _a530
630 _aअध्यात्म दर्शन
730 _aअध्यात्म दर्शन
942 _cBOOK
999 _c413350
_d413347